00399nam a2200121Ia 4500003000400000005001700004008004100021040001800062041000800080100003900088245011600127260003400243OSt20260123152122.0211028s2016 xx 000 0 und d cAIMIT LIBRARY aeng aPereira, Suraj Stephen B;g1416145 aInefficiency of working capital management: a case study with reference to Aditya birla chemicals (India) ltd / aMangalorebSwapna Rose.c2016